| 000 | 00851mam a2200289 a 4500 | ||
|---|---|---|---|
| 001 | 2314459 | ||
| 003 | ARRUPE | ||
| 005 | 20131203173034.0 | ||
| 008 | 981222s1998 enk b 000 0 eng c | ||
| 020 | _a0255364350 | ||
| 035 | _a(OCoLC)ocm40535582 | ||
| 035 | _a(NNC)2314459 | ||
| 040 |
_aCGU _cCGU |
||
| 042 | _apcc | ||
| 050 | 4 | _aHF5382.6.C767 | |
| 100 | 1 |
_aConway, David, _d1947- _94882 |
|
| 245 | 1 | 0 |
_aFree-market feminism / _cDavid Conway ; commentaries by Brenda Almond ... [et al.]. |
| 260 |
_aLondon : _bIEA Health and Welfare Unit, _c1998. |
||
| 300 |
_avii, 96 p. ; _c21 cm. |
||
| 490 | 1 |
_aChoice in welfare ; _vno. 43 |
|
| 650 | 0 |
_aWomen _xEmployment. _94883 |
|
| 650 | 0 |
_aFree enterprise. _94884 |
|
| 700 | 1 |
_aAlmond, Brenda. _94885 |
|
| 830 | 0 |
_aChoice in welfare ; _vno. 43. _94886 |
|
| 942 |
_2lcc _cMONOGRAPH |
||
| 999 |
_c119004 _d119004 |
||